000 00302nam a22001337a 4500
008 180309b xxu||||| |||| 00| 0 eng d
020 _a9780737716795
041 _aeng
080 _a94 LEO
100 _a16
101 _aHIS
245 _aCulture wars opposing viewpoints
_cLeone,D
942 _2udc
_cBK
999 _c44597
_d44597